QCM Harry Potter - Difficile - FR - Statistiques

Statistiques générales
  • Ce quiz a été pris 199 fois
  • Le résultat moyen est 7 sur 15
Statistiques - réponses
Question Réponse % Correct
Quel est le nom du personnage principal ? Harry Potter
100%
Quel est le modèle de la voiture volante d'Arthur Weasley ? Ford Anglia
88%
Quels sont les prénoms des frères Peverell ? Ignotus, Cadmus et Antioch
75%
Sur un tableau de Poudlard, quel fruit faut-il chatouiller pour entrer dans les cuisines ? Une poire
75%
Quelle est l'équipe de Quidditch favorite de Ronald Weasley ? Les "Canons de Chudley"
69%
Quelle pièce d'échec Ron remplace t-il à la fin du premier tome ? Un cavalier
69%
Qui était directeur de Poudlard lorsque Tom Jedusor était élève ? Armando Dippet
50%
Qui a donné l'ordre aux détraqueurs d'attaquer Harry à Little Whinging au début du 5ème tome ? Dolores Ombrage
44%
Qui vole la baguette de Harry durant la finale de la Coupe du Monde de Quidditch ? Barty Croupton Junior
38%
Quelle créature mythologique Harry rencontre-t-il dans le labyrinthe lors de la 3ème épreuve du Tournoi des Trois Sorciers ? Un Sphynx
38%
Combien de fois le professeur Gilderoy Lockhart a-t-il remporté le prix du sourire le plus charmeur décerné par les lectrices de Sorcière-Hebdo ? 5
31%
Quel sorcier Harry croise t-il dans un supermarché ? Dedalus Diggle
25%
Dans quel lieu se situait Sibylle Trelawney lorsqu'elle a fait la prophétie concernant Harry ? La Tête de Sanglier
19%
Quel sorcier Barty Croupton Senior stupéfixe-t-il dans le 4ème tome ? Viktor Krum
13%
Quel sorcier prétend qu'il deviendra le plus jeune Ministre de la Magie pour impressionner une vélane ? Stan Rocade
6%
Aucun quiz correspondant
Distribution des résultats
% des personnes avec chaque résultat
Percentile par nombre de réponses
Votre historique - résultats
Vous n’avez pas pris ce quiz